Jalkapallon MM-mitalistit - Statistics

Yleistilastot
  • Tätä visaa on pelattu 87 kertaa
  • Keskiarvotulos 15 / 20
Vastaustilastot
Kulta Hopea Pronssi Vastaus % Oikein
3 3 0 Argentiina
100%
5 2 2 Brasilia
100%
4 4 4 Saksa
100%
2 2 2 Ranska
97%
4 2 1 Italia
96%
1 0 0 Englanti
94%
1 0 0 Espanja
91%
2 0 0 Uruguay
90%
0 0 1 Portugali
87%
0 3 1 Alankomaat
83%
0 1 2 Ruotsi
81%
0 0 1 Belgia
72%
0 1 2 Kroatia
72%
0 0 1 USA
67%
0 0 2 Puola
58%
0 2 0 Unkari
57%
0 0 1 Chile
55%
0 0 1 Turkki
52%
0 2 0 Tsekki
51%
0 0 1 Itävalta
42%
Ehtoja vastaavia visoja ei löytynyt
Tulosjakauma
Jokaisen tuloksen saaneiden osuus
Persentiili vastausten määrän mukaan
Tuloshistoriasi
Et ole pelannut tätä visaa